Statistics for Top 10 Taylor Swift songs

Click here to take the quiz!

General Stats

  • This quiz has been taken 484 times
  • The average score is 5 of 10

Answer Stats

Rank Song % Correct
2Love Story
88%
3You Belong With Me
78%
7Mine
57%
6Our Song
55%
5Fearless
49%
8Fifteen
40%
1Back To December
37%
10Bad Bloods
26%
4We Are Never Getting Back Together
22%
9Should've Said No
21%

Score Distribution

Percentile by Number Answered

Percent of People with Each Score

Your Score History

You have not taken this quiz